High-latitude rainforests and associated ecosystems of the West Coast of the Americas : (Record no. 12395)

MARC details
000 -LEADER
fixed length control field 01580cam a2200373 a 4500
001 - CONTROL NUMBER
control field 3031952
003 - CONTROL NUMBER IDENTIFIER
control field OSt
005 - DATE AND TIME OF LATEST TRANSACTION
control field 20211013114859.0
008 - FIXED-LENGTH DATA ELEMENTS--GENERAL INFORMATION
fixed length control field 950127s1996 nyuab b 001 0 eng
010 ## - LIBRARY OF CONGRESS CONTROL NUMBER
LC control number 95005547
020 ## - INTERNATIONAL STANDARD BOOK NUMBER
International Standard Book Number 0387944877 (New York : hardcover : acidfree paper)
020 ## - INTERNATIONAL STANDARD BOOK NUMBER
International Standard Book Number 3787944877 (Berlin : hardcover : acidfree paper)
040 ## - CATALOGING SOURCE
Original cataloging agency DLC
Transcribing agency HU
Modifying agency DLC
043 ## - GEOGRAPHIC AREA CODE
Geographic area code n------
-- s------
050 00 - LIBRARY OF CONGRESS CALL NUMBER
Classification number QH101
Item number .H55 1996
082 00 - DEWEY DECIMAL CLASSIFICATION NUMBER
Classification number 574.5/2642/097
Edition number 20
245 00 - TITLE STATEMENT
Title High-latitude rainforests and associated ecosystems of the West Coast of the Americas :
Remainder of title climate, hydrology, ecology, and conservation /
Statement of responsibility, etc. Richard G. Lawford, Paul B. Alaback, Eduardo Fuentes, editors.
260 ## - PUBLICATION, DISTRIBUTION, ETC.
Place of publication, distribution, etc. New York :
Name of publisher, distributor, etc. Springer,
Date of publication, distribution, etc. c1996.
300 ## - PHYSICAL DESCRIPTION
Extent xxiii, 409 p. :
Other physical details ill., maps ;
Dimensions 25 cm.
490 1# - SERIES STATEMENT
Series statement Ecological studies ;
Volume/sequential designation vol. 116
504 ## - BIBLIOGRAPHY, ETC. NOTE
Bibliography, etc. note Includes bibliographical references and index.
650 #0 - SUBJECT ADDED ENTRY--TOPICAL TERM
Topical term or geographic name entry element Rain forest ecology
Geographic subdivision America.
9 (RLIN) 13249
650 #0 - SUBJECT ADDED ENTRY--TOPICAL TERM
Topical term or geographic name entry element Rain forests
Geographic subdivision America.
9 (RLIN) 13250
650 #0 - SUBJECT ADDED ENTRY--TOPICAL TERM
Topical term or geographic name entry element Rain forest conservation
Geographic subdivision America.
9 (RLIN) 13251
650 #0 - SUBJECT ADDED ENTRY--TOPICAL TERM
Topical term or geographic name entry element Pacific Coast (America)
9 (RLIN) 13252
700 1# - ADDED ENTRY--PERSONAL NAME
Personal name Lawford, Richard G.
9 (RLIN) 13253
700 1# - ADDED ENTRY--PERSONAL NAME
Personal name Alaback, Paul B.
9 (RLIN) 13254
700 1# - ADDED ENTRY--PERSONAL NAME
Personal name Fuentes, Eduardo.
9 (RLIN) 13255
830 #0 - SERIES ADDED ENTRY--UNIFORM TITLE
Uniform title Ecological studies ;
Volume/sequential designation v. 116.
9 (RLIN) 13256
856 42 - ELECTRONIC LOCATION AND ACCESS
Materials specified Publisher description
Uniform Resource Identifier <a href="http://www.loc.gov/catdir/enhancements/fy0815/95005547-d.html">http://www.loc.gov/catdir/enhancements/fy0815/95005547-d.html</a>
906 ## - LOCAL DATA ELEMENT F, LDF (RLIN)
a 7
b cbc
c orignew
d 1
e ocip
f 19
g y-gencatlg
942 ## - ADDED ENTRY ELEMENTS (KOHA)
Source of classification or shelving scheme Dewey Decimal Classification
Koha item type Books like text book referance book
Suppress in OPAC No
Holdings
Withdrawn status Lost status Source of classification or shelving scheme Damaged status Not for loan Collection code Home library Current library Shelving location Date acquired Total Checkouts Full call number Barcode Date last seen Copy number Price effective from Koha item type
    Dewey Decimal Classification     Non-fiction Wondo Genet Library Wondo Genet Library General Stacks 10/13/2021   575.5/2642.`HIG 1996 WGCFNRL00005321 10/13/2021 1 10/13/2021 Books like text book referance book
    Dewey Decimal Classification     Non-fiction Wondo Genet Library Wondo Genet Library General Stacks 10/13/2021   575.5/2642.`HIG 1996 WGCFNRL00005322 10/13/2021 2 10/13/2021 Books like text book referance book